000 01958nam0a2200445 4500
001 RU\NLR\bibl\603285
005 20260319150642.0
010 _a5-902005-04-3
_91500
021 _aRU
_b2004-72340
_93566
035 _a(NLR Aleph) 000595216
090 _a1738349
_c1738349
100 _a20131026d2004 u y0rusy50 ca
101 1 _arus
_cfre
102 _aRU
105 _ay |||||||||
200 1 _aК критике политической экономии знака
_dPour une critique de l'economie politique du signe
_fЖан Бордийяр
_g[Пер. с фр., послесл. Д. Кралечкина
_gПредисл.: В. Кузнецов]
_zfre
205 _a2-е изд., испр. и доп.]
210 _aМ.
_cБиблион-Рус. кн.
_d2004
215 _a299,[4] с.
_d21
300 _aАвт. также на фр. яз.: Jean Baudrillard
320 _aБиблиогр. в подстроч. прим.
320 _aИмен. указ.: с. 288-290
320 _aПредм. указ.: с. 291-299
510 0 _6z20790
_aPour une critique de l'economie politique du signe
_zrus
606 1 _aПостмодернизм (филос.)
_yФранция
_92701570
_3RU\NLR\AUTH\6601767885
606 1 _a"Потребительское общество"
_xТеория
_91758396
_3RU\NLR\AUTH\66788430
606 1 _aКультура
_xСемиотические исследования
_92199494
_3RU\NLR\AUTH\661321782
686 _aЮ3(4Фр)6-68
686 1 _aЮ224.22
686 1 _aС550.25
686 1 _aС550.471
700 1 _4070
_7ca
_8rus
_aБодрийяр
_bЖ.
_f1929-2007
_gЖан
_9120510
_3RU\NLR\AUTH\7710745
790 1 _4070
_6z20510
_7ba
_8fre
_aBaudrillard
_bJ.
_f1929-2007
_gJean
_9126926
_3RU\NLR\AUTH\770126946
801 0 _aRU
_bNLR
_c20031204
_gPSBO
801 1 _aRU
_bNLR
_c20031204
830 _aАвт. по кн.
942 _cBOOK
980 _aNB